| 000 | 00574nam a2200193 a 4500 | ||
|---|---|---|---|
| 999 |
_c6849 _d6849 |
||
| 003 | BD-JhCC | ||
| 005 | 20180131102151.0 | ||
| 008 | 180131s1958 p |||| || | 001 0 eng d | ||
| 035 | _a(BD-JhCC) | ||
| 040 |
_aBD-JhCC _dBD-JhCC |
||
| 041 | _aeng | ||
| 082 |
_a352.05456 _bQUR 1958 |
||
| 100 | _aQureshi, Istiaq Husain | ||
| 245 |
_aThe Administration of the Sultanate of Delhi / _cIstiaq Husain Qureshi, |
||
| 260 |
_aPakistan : _bPakistan Historical Society, _c1958 |
||
| 300 |
_a311 p. : _c22 cm. |
||
| 650 |
_aMuslims _xPolitical and Government _zIndia |
||